Samuel Pufendorf filosofo del diritto e della politica. Atti del Convegno internazionale Milano, 11-12 novembre 1994.

Uloženo v:
Podrobná bibliografie
Korporativní autor: Istituto Italiano per gli Studi Filosofici (autore)
Další autoři: Fiorillo, Vanda (a cura)
Médium: Kniha
Vydáno: Napoli, Italia: La Città del Sole, 1996.
Edice:Seminari Giuridici,
Témata:
Tagy: Přidat tag
Žádné tagy, Buďte první, kdo vytvoří štítek k tomuto záznamu!

MARC

LEADER 00000nam a22000007a 4500
003 CL-VaPUC
005 20220822114622.0
008 220714t1996 ||||| |||| 00| 0 eng d
999 |c 437033  |d 437031 
020 |a 88-86521-35-9 
040 |c Pontificia Universidad Católica de Valparaíso 
082 7 |a 340.1 IST 1996  |2 22 
110 |a Istituto Italiano per gli Studi Filosofici  |e autore  |9 872908 
245 |a Samuel Pufendorf filosofo del diritto e della politica.  |b Atti del Convegno internazionale Milano, 11-12 novembre 1994. 
260 |a Napoli, Italia:  |b La Città del Sole,   |c 1996. 
300 |a 273 páginas. 
490 |a Seminari Giuridici,   |n  7. 
500 |a c.1 Donación Familia Prof. Alejandro Guzmán Brito. 
583 |c 20220714  |k Catalogador Asistente 
650 |a Derecho  |x Filosofía   |y Siglo 17  |9 873093 
650 |a Derecho natural   |x Historia   |z Siglo 17  |9 873094 
650 |a Derecho  |x Filosofía   |z Siglo 17  |9 873095 
700 |a Fiorillo, Vanda  |e a cura  |9 872909 
942 |2 ddc  |c BK  |n 0 
952 |0 0  |1 0  |2 ddc  |4 0  |6 340_100000000000000_IST_1996  |7 0  |8 C_AGB  |9 584772  |a BIBDER  |b BIBDER  |d 2022-07-14  |e Donación  |i 5652923  |o 340.1 IST 1996  |p 5652923  |r 2023-01-25  |t 1  |w 2022-07-14  |y BK_US  |k AGB